O livro da selva (Record no. 45586)
[ view plain ]
| 000 -Etiqueta do registo | |
|---|---|
| Valores | 00405nam a2200169 4500 |
| 100 ## - Dados gerais de processamento | |
| Dados gerais | 20260128 pory50 |
| 101 ## - Língua de publicação | |
| Língua | por |
| 102 ## - País de publicação | |
| País | PT |
| 200 ## - Titulo e menção de responsabilidade | |
| Título próprio | O livro da selva |
| Primeira menção de responsabilidade | [adap. não identificado] |
| 210 ## - Publicação | |
| Local de publicação | Rio de Mouro |
| Nome do editor | Girassol |
| Data de publicação | [S.d.] |
| 215 ## - Descrição física | |
| Paginação / Volumes | [16] p. |
| Outras indicações físicas | todo il. |
| 225 ## - Colecção | |
| Título próprio da colecção | Clássicos ilustrados |
| 675 ## - CDU | |
| Notação | 82-93 |
| 801 ## - Fonte de origem | |
| País | PT |
| Regras de catalogação | RPC |
| 990 ## - Elementos KOHA | |
| Tipo de documento | Livro |
| Aquisição | Empréstimo | Código de barras | Cota | Permissão de empréstimo | Tipo de documento |
|---|---|---|---|---|---|
| Biblioteca do Centro Escolar de Montoito | Biblioteca do Centro Escolar de Montoito | 81997 | 82-93 LIV LIT. INF. JUV. | Livro |